Нейрокомпьютеры. Разработка. Применение. 2016, № 10: По материалам II Международной конференции "Параллельная компьютерная алгебра и ее приложения в новых инфокоммуникационных системах" (г. Ставрополь, 24-25 октября 2016 г.) (Запись № 11184811)
[ простой вид ]
| 000 -МАРКЕР | |
|---|---|
| контрольное поле | 01810nam2a2200289 4500 |
| 001 - ИДЕНТИФИКАТОР ЗАПИСИ | |
| контрольное поле | RU\NLR\BIBL_A\011339569 |
| 005 - ИДЕНТИФИКАТОР ВЕРСИИ | |
| контрольное поле | 20250626045339.0 |
| 035 ## - ДРУГИЕ СИСТЕМНЫЕ НОМЕРА | |
| Идентификатор записи | (NLR Aleph) 011339569 |
| 100 ## - ДАННЫЕ ОБЩЕЙ ОБРАБОТКИ | |
| Данные общей обработки | 20170303d2016 |||y0rusy50 ca |
| 101 0# - ЯЗЫК РЕСУРСА | |
| Язык текста, звукозаписи и т.д. | русский |
| 102 ## - СТРАНА ПУБЛИКАЦИИ ИЛИ ПРОИЗВОДСТВА | |
| Страна публикации | российская федерация |
| 200 1# - ЗАГЛАВИЕ И СВЕДЕНИЯ ОБ ОТВЕТСТВЕННОСТИ | |
| Основное заглавие | По материалам II Международной конференции "Параллельная компьютерная алгебра и ее приложения в новых инфокоммуникационных системах" (г. Ставрополь, 24-25 октября 2016 г.) |
| 210 ## - ПУБЛИКАЦИЯ, РАСПРОСТРАНЕНИЕ И ДР. | |
| Дата издания, распространения и т.д. | 2016 |
| Место издания, распространения и т.д. | Б. м. |
| 313 ## - ПРИМЕЧАНИЯ, ОТНОСЯЩИЕСЯ К ТЕМАТИЧЕСКОМУ ДОСТУПУ | |
| Текст примечания | По пред. изд.2014г |
| 461 #0 - УРОВЕНЬ НАБОРА | |
| Встроенное поле | 001RU\NLR\INFOCOMM5\1000358475 |
| -- | 2001#$aНейрокомпьютеры. Разработка. Применение$eНауч.-техн. журн.$v2016, № 10 |
| Системный номер (АБИС) связанной записи | 3052883 |
| Место публикации | М. |
| Дата публикации | 1992- |
| Имя издателя, распространителя и т.д. | Б. и. |
| Сведения, относящиеся к заглавию | Науч.-техн. журн. |
| Заглавие | Нейрокомпьютеры. Разработка. Применение |
| Номер тома | 2016, № 10 |
| 606 ## - НАИМЕНОВАНИЕ ТЕМЫ КАК ПРЕДМЕТ | |
| Наименование темы | Компьютерная алгебра |
| Формальный подзаголовок | Съезды, совещания и т.п |
| Системный номер авторитетной/нормативной записи | 2291547 |
| Идентификатор авторитетной/нормативной записи | RU\NLR\AUTH\661372379 |
| 606 1# - НАИМЕНОВАНИЕ ТЕМЫ КАК ПРЕДМЕТ | |
| Наименование темы | Параллельные вычислительные системы |
| Формальный подзаголовок | Съезды, совещания и т.п |
| Тематический подзаголовок | Алгоритмы |
| Системный номер авторитетной/нормативной записи | 2338248 |
| Идентификатор авторитетной/нормативной записи | RU\NLR\AUTH\661397841 |
| 686 1# - ИНДЕКСЫ ДРУГИХ КЛАССИФИКАЦИЙ | |
| Индекс | В192.161с116я431(0) |
| 686 1# - ИНДЕКСЫ ДРУГИХ КЛАССИФИКАЦИЙ | |
| Индекс | З973.202-018я431(0) |
| 710 12 - НАИМЕНОВАНИЕ ОРГАНИЗАЦИИ - ПЕРВИЧНАЯ ОТВЕТСТВЕННОСТЬ | |
| Начальный элемент ввода | "Параллельная компьютерная алгебра и ее приложения в новых инфокоммуникационных системах", международная конференция |
| Порядковый номер временной организации и / или порядковый номер ее части | 2 |
| Место проведения временной организации | Ставрополь |
| Дата проведения временной организации | 2016 |
| Системный номер авторитетной/нормативной записи | 550461 |
| Идентификатор авторитетной/нормативной записи | RU\NLR\AUTH\880443248 |
| 852 ## - МЕСТОНАХОЖДЕНИЕ И ШИФР ХРАНЕНИЯ | |
| Идентификатор организации | NLR |
| Шифр хранения (Call Number) | П11/3614 |
| 942 ## - ДОПОЛНИТЕЛЬНЫЕ ЭЛЕМЕНТЫ ЗАПИСИ (АБИС) | |
| Тип экземпляра АБИС | Выпуск |
| 980 ## - КОЛЛЕКЦИЯ | |
| Название коллекции | Национальная библиография |
| 980 ## - КОЛЛЕКЦИЯ | |
| Название коллекции | Русская периодика |
Нет доступных экземпляров.